000 01023nam a22002537a 4500
005 20240530110627.0
008 170109s2015 ua ab g b 000 0 ara d
017 _a4267/2014
_bمصر. دار الكتب
020 _a9789772736645
040 _aEG-CaGPL
_cEG-CaGPL
082 0 4 _221
_a916\
_bف ج
100 0 _aفتحى محمد ابو عيانة
245 1 0 _aجغرافية افريقيا :
_bدراسة اقليمية للقارة مع التطبيق على بعض دول جنوب الصحراء /
_cفتحى محمد ابو عيانة
260 _aالاسكندرية :
_c2015.
300 _a300 ص. :
_bايض ؛
_c24 سم.
504 _aيشتمل على ارجاعات ببليوجرافية
650 _2qrmak
651 0 7 _2qrmak
_aافريقيا
_vخرائط
651 0 7 _2qrmak
_aافريقيا
_xمناخ
651 0 7 _2qrmak
_aافريقيا
_xجغرافيا
651 0 7 _2qrmak
_aافريقيا
_xالجغرافية الطبيعية
942 _2ddc
_cBK
999 _c63178
_d63178